MDQL
is popping MORE tags! Check the
thread
!
Quizzes
Events
Quiz Creation
Community
Videos
Private Events
Remove Ads
Sign In
Join for FREE
Feedback
Dark Mode
Quiz Categories
Sports
Geography
Music
Movies
Television
Just For Fun
Miscellaneous
History
Literature
Language
Science
Gaming
Entertainment
Religion
Holiday
For Kids
Quiz Lab
Recent
Popular Today
Quiz Kudos Today
Editor Picks
Curator Picks
Quizzes by...
Day
Popularity
Type
Ratings
Length
Year
Community
Subscriptions
Recent Discussions
Orange Saloon
Badges
Playlists
Quests
Create
Leaderboards
Showdown
Live 5
Trivia Bingo
Activity
Puzzle Library
Sporcle Events
Private Events
Virtual Trivia
Globe League
Become a Host
Pub Owners
SporcleCon
Opinionation
Our Games
Videos
Blog
Mobile Apps
Partnerships
Remove Ads and Go Orange
Feedback
Sports
Athletes
MLB
NBA
NHL
NFL
Soccer
Sports Teams
WWE
NCAA
Football
Premier League
Basketball
Baseball
Hockey
Golf
Tennis
Cricket
Rugby
Auto Racing
Olympics
World Cup
Sports
Athletes
MLB
NBA
NHL
NFL
Soccer
Sports Teams
WWE
NCAA
Football
Premier League
Basketball
Baseball
Hockey
Golf
Tennis
Cricket
Rugby
Auto Racing
Olympics
World Cup
Random Quiz
Search Sporcle
×
Curator Pick
Curator Pick
Sports
Premier League
Type in answers that appear in a list
Type in answers that appear in a list
Classic
Best Score? Go Orange.
British Clubs Starting XIs in European Finals (2000-) Stats
Can you name the Starting Lineups of British Teams in Uefa Cup/ Europa League/ Champions League Finals since 2000?
By
gertom10
20m
242 Questions
7,302 Plays
7,302 Plays
7,302 Plays
Comments
Comments
Give Quiz Kudos
Give Quiz Kudos
-
- Ratings
hide this ad
Replay
Link that replays current quiz
Next Quiz
Link to next quiz in quiz playlist
You Got
0%
They Got
Avg Score
53%
Avg Friend Score
Upgrade to see
Score Distribution
Jump to the score distribution portion of the page
Score
0/242
Timer
20:00
0
Plays Today
Hint
Answer
% Correct
EUROPA LEAGUE: Arsenal (2018-
19)
Petr Cech
91.8%
UEFA CUP: Liverpool (2000-
01)
Steven Gerrard
91%
CHAMPIONS LEAGUE: Liverpool (2004-
05)
Steven Gerrard
91%
CHAMPIONS LEAGUE: Liverpool (2006-
07)
Steven Gerrard
91%
CHAMPIONS LEAGUE: Liverpool (2018-
19)
Mohamed Salah
90.6%
CHAMPIONS LEAGUE: Chelsea (2007-
08)
Petr Cech
89.9%
CHAMPIONS LEAGUE: Chelsea (2011-
12)
Petr Cech
89.9%
EUROPA LEAGUE: Chelsea (2012-
13)
Petr Cech
89.9%
CHAMPIONS LEAGUE: Liverpool (2018-
19)
Sadio Mane
89.9%
UEFA CUP: Arsenal (1999-
00)
Thierry Henry
89.7%
CHAMPIONS LEAGUE: Arsenal (2005-
06)
Thierry Henry
89.7%
CHAMPIONS LEAGUE: Liverpool (2017-
18)
Mohamed Salah
89.4%
CHAMPIONS LEAGUE: Liverpool (2018-
19)
Roberto Firmino
89.3%
CHAMPIONS LEAGUE: Manchester United (2007-
08)
Wayne Rooney
89.3%
CHAMPIONS LEAGUE: Manchester United (2008-
09)
Wayne Rooney
89.3%
CHAMPIONS LEAGUE: Manchester United (2010-
11)
Wayne Rooney
89.3%
CHAMPIONS LEAGUE: Liverpool (2018-
19)
Jordan Henderson
88.7%
CHAMPIONS LEAGUE: Liverpool (2017-
18)
Sadio Mane
88.3%
CHAMPIONS LEAGUE: Liverpool (2018-
19)
Virgil Van Dijk
88.3%
CHAMPIONS LEAGUE: Chelsea (2007-
08)
Didier Drogba
87.9%
CHAMPIONS LEAGUE: Chelsea (2011-
12)
Didier Drogba
87.9%
CHAMPIONS LEAGUE: Arsenal (2005-
06)
Ashley Cole
87.8%
CHAMPIONS LEAGUE: Chelsea (2007-
08)
Ashley Cole
87.8%
CHAMPIONS LEAGUE: Chelsea (2011-
12)
Ashley Cole
87.8%
EUROPA LEAGUE: Chelsea (2012-
13)
Ashley Cole
87.8%
CHAMPIONS LEAGUE: Chelsea (2007-
08)
Joe Cole
87.7%
CHAMPIONS LEAGUE: Manchester United (2007-
08)
Edwin Van Der Sar
87.6%
CHAMPIONS LEAGUE: Manchester United (2008-
09)
Edwin Van Der Sar
87.6%
CHAMPIONS LEAGUE: Manchester United (2010-
11)
Edwin Van Der Sar
87.6%
EUROPA LEAGUE: Liverpool (2015-
16)
Roberto Firmino
87.4%
CHAMPIONS LEAGUE: Liverpool (2017-
18)
Roberto Firmino
87.4%
CHAMPIONS LEAGUE: Chelsea (2007-
08)
John Terry
87.3%
CHAMPIONS LEAGUE: Liverpool (2018-
19)
Andrew Robertson
87.1%
CHAMPIONS LEAGUE: Liverpool (2018-
19)
Trent Alexander-Arnold
86.7%
CHAMPIONS LEAGUE: Liverpool (2017-
18)
Jordan Henderson
86.6%
CHAMPIONS LEAGUE: Tottenham (2018-
19)
Harry Kane
86.5%
CHAMPIONS LEAGUE: Manchester United (2007-
08)
Rio Ferdinand
86.1%
CHAMPIONS LEAGUE: Manchester United (2008-
09)
Rio Ferdinand
86.1%
CHAMPIONS LEAGUE: Manchester United (2010-
11)
Rio Ferdinand
86.1%
CHAMPIONS LEAGUE: Manchester United (2007-
08)
Cristiano Ronaldo
86%
CHAMPIONS LEAGUE: Manchester United (2008-
09)
Cristiano Ronaldo
86%
CHAMPIONS LEAGUE: Chelsea (2007-
08)
Frank Lampard
85.8%
CHAMPIONS LEAGUE: Chelsea (2011-
12)
Frank Lampard
85.8%
EUROPA LEAGUE: Chelsea (2012-
13)
Frank Lampard
85.8%
CHAMPIONS LEAGUE: Liverpool (2018-
19)
Alisson Becker
85.8%
CHAMPIONS LEAGUE: Tottenham (2018-
19)
Hugo Lloris
85%
CHAMPIONS LEAGUE: Manchester United (2007-
08)
Nemanja Vidic
84.5%
CHAMPIONS LEAGUE: Manchester United (2008-
09)
Nemanja Vidic
84.5%
CHAMPIONS LEAGUE: Manchester United (2010-
11)
Nemanja Vidic
84.5%
CHAMPIONS LEAGUE: Liverpool (2017-
18)
Andrew Robertson
83.4%
CHAMPIONS LEAGUE: Liverpool (2018-
19)
Joel Matip
83.1%
CHAMPIONS LEAGUE: Liverpool (2017-
18)
Virgil Van Dijk
83.1%
CHAMPIONS LEAGUE: Manchester United (2007-
08)
Paul Scholes
83%
CHAMPIONS LEAGUE: Liverpool (2017-
18)
Trent Alexander-Arnold
82.6%
CHAMPIONS LEAGUE: Tottenham (2018-
19)
Heung Min Son
82.4%
UEFA CUP: Arsenal (1999-
00)
David Seaman
82.2%
UEFA CUP: Liverpool (2000-
01)
Jamie Carragher
81.7%
CHAMPIONS LEAGUE: Liverpool (2004-
05)
Jamie Carragher
81.7%
CHAMPIONS LEAGUE: Liverpool (2006-
07)
Jamie Carragher
81.7%
CHAMPIONS LEAGUE: Liverpool (2017-
18)
Loris Karius
81.1%
EUROPA LEAGUE: Chelsea (2018-
19)
Eden Hazard
81.1%
CHAMPIONS LEAGUE: Manchester United (2007-
08)
Patrice Evra
80.3%
CHAMPIONS LEAGUE: Manchester United (2008-
09)
Patrice Evra
80.3%
CHAMPIONS LEAGUE: Manchester United (2010-
11)
Patrice Evra
80.3%
EUROPA LEAGUE: Liverpool (2015-
16)
James Milner
80.2%
CHAMPIONS LEAGUE: Liverpool (2017-
18)
James Milner
80.2%
CHAMPIONS LEAGUE: Liverpool (2004-
05)
Xabi Alonso
80%
CHAMPIONS LEAGUE: Liverpool (2006-
07)
Xabi Alonso
80%
UEFA CUP: Arsenal (1999-
00)
Dennis Bergkamp
79.9%
CHAMPIONS LEAGUE: Liverpool (2018-
19)
Georginio Wijnaldum
79.3%
CHAMPIONS LEAGUE: Liverpool (2004-
05)
Jerzy Dudek
79.3%
CHAMPIONS LEAGUE: Arsenal (2005-
06)
Robert Pires
78.7%
EUROPA LEAGUE: Liverpool (2015-
16)
Dejan Lovren
78.7%
CHAMPIONS LEAGUE: Liverpool (2017-
18)
Dejan Lovren
78.7%
CHAMPIONS LEAGUE: Liverpool (2018-
19)
Fabinho
78.4%
CHAMPIONS LEAGUE: Arsenal (2005-
06)
Jens Lehmann
78.2%
CHAMPIONS LEAGUE: Manchester United (2008-
09)
Ryan Giggs
78.1%
CHAMPIONS LEAGUE: Manchester United (2010-
11)
Ryan Giggs
78.1%
EUROPA LEAGUE: Chelsea (2018-
19)
David Luiz
78.1%
CHAMPIONS LEAGUE: Tottenham (2018-
19)
Dele Alli
77.9%
CHAMPIONS LEAGUE: Manchester United (2007-
08)
Michael Carrick
77.9%
Hint
Answer
% Correct
CHAMPIONS LEAGUE: Manchester United (2008-
09)
Michael Carrick
77.9%
CHAMPIONS LEAGUE: Manchester United (2010-
11)
Michael Carrick
77.9%
CHAMPIONS LEAGUE: Tottenham (2018-
19)
Jan Vertonghen
77.6%
EUROPA LEAGUE: Chelsea (2018-
19)
Kepa Arrizabalaga
77.6%
EUROPA LEAGUE: Arsenal (2018-
19)
Alexandre Lacazette
77%
EUROPA LEAGUE: Arsenal (2018-
19)
Pierre-Emerick Aubameyang
76.6%
CHAMPIONS LEAGUE: Liverpool (2006-
07)
Pepe Reina
76.4%
EUROPA LEAGUE: Manchester United (2016-
17)
Marcus Rashford
76.1%
CHAMPIONS LEAGUE: Arsenal (2005-
06)
Sol Campbell
75.7%
UEFA CUP: Liverpool (2000-
01)
Michael Owen
75.4%
UEFA CUP: Arsenal (1999-
00)
Tony Adams
75.3%
UEFA CUP: Arsenal (1999-
00)
Patrick Vieira
75.2%
EUROPA LEAGUE: Liverpool (2015-
16)
Simon Mignolet
75%
CHAMPIONS LEAGUE: Tottenham (2018-
19)
Danny Rose
74.7%
EUROPA LEAGUE: Chelsea (2012-
13)
Fernando Torres
74.5%
CHAMPIONS LEAGUE: Tottenham (2018-
19)
Christian Eriksen
74.4%
EUROPA LEAGUE: Manchester United (2016-
17)
Chris Smalling
74.1%
CHAMPIONS LEAGUE: Manchester United (2010-
11)
Antonio Valencia
73.7%
EUROPA LEAGUE: Manchester United (2016-
17)
Antonio Valencia
73.7%
CHAMPIONS LEAGUE: Liverpool (2017-
18)
Georginio Wijnaldum
73.6%
CHAMPIONS LEAGUE: Tottenham (2018-
19)
Toby Alderweireld
73.2%
CHAMPIONS LEAGUE: Manchester United (2007-
08)
Carlos Tevez
73%
CHAMPIONS LEAGUE: Chelsea (2011-
12)
Juan Mata
72.9%
EUROPA LEAGUE: Chelsea (2012-
13)
Juan Mata
72.9%
EUROPA LEAGUE: Manchester United (2016-
17)
Juan Mata
72.9%
EUROPA LEAGUE: Chelsea (2018-
19)
Cesar Azpilicueta
72.8%
UEFA CUP: Liverpool (2000-
01)
Sami Hyypia
71.9%
CHAMPIONS LEAGUE: Liverpool (2004-
05)
Sami Hyypia
71.9%
EUROPA LEAGUE: Manchester United (2016-
17)
Sergio Romero
71.8%
EUROPA LEAGUE: Arsenal (2018-
19)
Mesut Ozil
71.3%
CHAMPIONS LEAGUE: Chelsea (2011-
12)
Gary Cahill
71%
EUROPA LEAGUE: Chelsea (2012-
13)
Gary Cahill
71%
EUROPA LEAGUE: Manchester United (2016-
17)
Paul Pogba
71%
EUROPA LEAGUE: Chelsea (2018-
19)
N'Golo Kante
70.4%
EUROPA LEAGUE: Chelsea (2018-
19)
Olivier Giroud
69.8%
CHAMPIONS LEAGUE: Tottenham (2018-
19)
Moussa Sissoko
69.6%
EUROPA LEAGUE: Liverpool (2015-
16)
Daniel Sturridge
69.6%
CHAMPIONS LEAGUE: Tottenham (2018-
19)
Kieran Trippier
69.3%
CHAMPIONS LEAGUE: Chelsea (2011-
12)
David Luiz
69%
EUROPA LEAGUE: Chelsea (2012-
13)
David Luiz
69%
CHAMPIONS LEAGUE: Manchester United (2007-
08)
Wes Brown
68.1%
CHAMPIONS LEAGUE: Liverpool (2004-
05)
John Arne Riise
66.2%
CHAMPIONS LEAGUE: Arsenal (2005-
06)
Freddie Ljungberg
66.2%
CHAMPIONS LEAGUE: Liverpool (2006-
07)
John Arne Riise
66.2%
CHAMPIONS LEAGUE: Chelsea (2007-
08)
Ricardo Carvalho
65%
CHAMPIONS LEAGUE: Chelsea (2007-
08)
Florent Malouda
64.8%
UEFA CUP: Arsenal (1999-
00)
Martin Keown
64.6%
CHAMPIONS LEAGUE: Liverpool (2004-
05)
Steve Finnan
64.5%
CHAMPIONS LEAGUE: Liverpool (2006-
07)
Steve Finnan
64.5%
CHAMPIONS LEAGUE: Liverpool (2004-
05)
Milan Baros
64.4%
CHAMPIONS LEAGUE: Arsenal (2005-
06)
Cesc Fabregas
64.4%
EUROPA LEAGUE: Chelsea (2012-
13)
Branislav Ivanovic
64.3%
CHAMPIONS LEAGUE: Tottenham (2018-
19)
Harry Winks
63.9%
CHAMPIONS LEAGUE: Arsenal (2005-
06)
Kolo Toure
63.3%
EUROPA LEAGUE: Liverpool (2015-
16)
Kolo Toure
63.3%
EUROPA LEAGUE: Chelsea (2018-
19)
Jorginho
63.1%
UEFA CUP: Arsenal (1999-
00)
Lee Dixon
62.7%
EUROPA LEAGUE: Chelsea (2018-
19)
Pedro
62.1%
EUROPA LEAGUE: Arsenal (2018-
19)
Granit Xhaka
61.7%
CHAMPIONS LEAGUE: Manchester United (2008-
09)
Park Ji-Sung
61.6%
CHAMPIONS LEAGUE: Manchester United (2010-
11)
Park Ji-Sung
61.6%
CHAMPIONS LEAGUE: Chelsea (2007-
08)
Michael Essien
60.5%
CHAMPIONS LEAGUE: Liverpool (2006-
07)
Dirk Kuyt
60.5%
EUROPA LEAGUE: Liverpool (2015-
16)
Alberto Moreno
59.5%
CHAMPIONS LEAGUE: Chelsea (2007-
08)
Claude Makelele
58.6%
CHAMPIONS LEAGUE: Arsenal (2005-
06)
Gilberto Silva
57.5%
CHAMPIONS LEAGUE: Liverpool (2004-
05)
Luis Garcia
57.1%
CHAMPIONS LEAGUE: Chelsea (2007-
08)
Michael Ballack
57.1%
CHAMPIONS LEAGUE: Manchester United (2008-
09)
John O'Shea
57%
UEFA CUP: Arsenal (1999-
00)
Emmauel Petit
57%
UEFA CUP: Arsenal (1999-
00)
Ray Parlour
57%
EUROPA LEAGUE: Arsenal (2018-
19)
Lorient Koscielny
56.9%
EUROPA LEAGUE: Chelsea (2012-
13)
Cesar Azpilicueta
56.8%
UEFA CUP: Liverpool (2000-
01)
Emile Heskey
56.5%
CHAMPIONS LEAGUE: Chelsea (2011-
12)
Solomon Kalou
55.6%
EUROPA LEAGUE: Liverpool (2015-
16)
Nathaniel Clyne
55%
UEFA CUP: Arsenal (1999-
00)
Marc Overmars
54.8%
CHAMPIONS LEAGUE: Liverpool (2004-
05)
Djimi Traore
54.7%
EUROPA LEAGUE: Liverpool (2015-
16)
Philippe Coutinho
54.4%
EUROPA LEAGUE: Manchester United (2016-
17)
Ander Herrera
54.2%
CHAMPIONS LEAGUE: Chelsea (2011-
12)
John Obi Mikel
53.8%
Hint
Answer
% Correct
CHAMPIONS LEAGUE: Liverpool (2004-
05)
Harry Kewell
53.6%
CHAMPIONS LEAGUE: Manchester United (2008-
09)
Anderson
53.4%
EUROPA LEAGUE: Chelsea (2018-
19)
Mateo Kovacic
52.8%
UEFA CUP: Rangers (2007-
08)
Neil Alexander
52.6%
CHAMPIONS LEAGUE: Chelsea (2011-
12)
Jose Bosingwa
52.3%
CHAMPIONS LEAGUE: Manchester United (2010-
11)
Fabio
51.7%
EUROPA LEAGUE: Arsenal (2018-
19)
Nacho Monreal
51.4%
CHAMPIONS LEAGUE: Chelsea (2011-
12)
Ryan Bertrand
51.3%
CHAMPIONS LEAGUE: Liverpool (2006-
07)
Daniel Agger
51.1%
EUROPA LEAGUE: Chelsea (2018-
19)
Andreas Christensen
49.7%
UEFA CUP: Celtic (2002-
03)
Henrick Larsson
49.6%
EUROPA LEAGUE: Manchester United (2016-
17)
Daley Blind
48.9%
EUROPA LEAGUE: Arsenal (2018-
19)
Sead Kolasinac
48.7%
UEFA CUP: Middlesbrough (2005-
06)
Mark Schwarzer
48.2%
EUROPA LEAGUE: Fulham (2009-
10)
Mark Schwarzer
48.2%
EUROPA LEAGUE: Arsenal (2018-
19)
Sokratis Papastathopoulos
47.9%
CHAMPIONS LEAGUE: Manchester United (2010-
11)
Javier Hernandez
47.1%
CHAMPIONS LEAGUE: Liverpool (2006-
07)
Javier Mascherano
47%
EUROPA LEAGUE: Chelsea (2018-
19)
Emerson Palmeri
46.8%
EUROPA LEAGUE: Chelsea (2012-
13)
Oscar
46.4%
EUROPA LEAGUE: Arsenal (2018-
19)
Ainsley Maitland-Niles
46.4%
CHAMPIONS LEAGUE: Manchester United (2007-
08)
Owen Hargreaves
46.2%
UEFA CUP: Liverpool (2000-
01)
Dietmar Hamann
45.9%
EUROPA LEAGUE: Liverpool (2015-
16)
Adam Lallana
45.9%
UEFA CUP: Liverpool (2000-
01)
Danny Murphy
44.8%
EUROPA LEAGUE: Fulham (2009-
10)
Danny Murphy
44.8%
EUROPA LEAGUE: Chelsea (2012-
13)
Ramires
43.8%
EUROPA LEAGUE: Manchester United (2016-
17)
Matteo Darmian
42.9%
EUROPA LEAGUE: Arsenal (2018-
19)
Lucas Torreira
42.1%
UEFA CUP: Liverpool (2000-
01)
Sander Westerveld
41.9%
UEFA CUP: Liverpool (2000-
01)
Stephane Henchoz
40.3%
CHAMPIONS LEAGUE: Arsenal (2005-
06)
Emmanuel Eboue
39%
EUROPA LEAGUE: Manchester United (2016-
17)
Marouane Fellaini
39%
EUROPA LEAGUE: Liverpool (2015-
16)
Emre Can
38.1%
CHAMPIONS LEAGUE: Liverpool (2006-
07)
Jermaine Pennant
37.9%
UEFA CUP: Middlesbrough (2005-
06)
Stewart Downing
36.4%
EUROPA LEAGUE: Fulham (2009-
10)
Damien Duff
35.8%
UEFA CUP: Middlesbrough (2005-
06)
Gareth Southgate
34.2%
UEFA CUP: Liverpool (2000-
01)
Gary McAllister
34%
EUROPA LEAGUE: Fulham (2009-
10)
Bobby Zamora
32.3%
CHAMPIONS LEAGUE: Arsenal (2005-
06)
Alexander Hleb
32.3%
EUROPA LEAGUE: Fulham (2009-
10)
Brede Hangeland
30.7%
UEFA CUP: Celtic (2002-
03)
Chris Sutton
30.7%
UEFA CUP: Middlesbrough (2005-
06)
Mark Viduka
30.4%
UEFA CUP: Liverpool (2000-
01)
Markus Babbel
29.5%
UEFA CUP: Arsenal (1999-
00)
Sylvinho
29.1%
EUROPA LEAGUE: Manchester United (2016-
17)
Henrikh Mkhitaryan
28.3%
EUROPA LEAGUE: Fulham (2009-
10)
Simon Davies
27.5%
CHAMPIONS LEAGUE: Liverpool (2006-
07)
Bolo Zenden
26.1%
UEFA CUP: Celtic (2002-
03)
Neil Lennon
24.8%
UEFA CUP: Middlesbrough (2005-
06)
Jimmy Floyd Hasselbaink
23.1%
UEFA CUP: Rangers (2007-
08)
Barry Ferguson
22%
EUROPA LEAGUE: Fulham (2009-
10)
Aaron Hughes
21.4%
UEFA CUP: Celtic (2002-
03)
Alan Thompson
20.9%
EUROPA LEAGUE: Fulham (2009-
10)
Zoltan Gera
19.9%
UEFA CUP: Celtic (2002-
03)
Paul Lambert
19.7%
UEFA CUP: Celtic (2002-
03)
Bobo Balde
19.3%
UEFA CUP: Rangers (2007-
08)
Steven Davis
17.8%
EUROPA LEAGUE: Fulham (2009-
10)
Paul Konchesky
16.8%
UEFA CUP: Celtic (2002-
03)
Stiliyan Petrov
16.6%
UEFA CUP: Celtic (2002-
03)
Robert Douglas
14.3%
UEFA CUP: Middlesbrough (2005-
06)
George Boateng
14.2%
UEFA CUP: Rangers (2007-
08)
David Weir
13.9%
UEFA CUP: Celtic (2002-
03)
Didier Agathe
12.8%
EUROPA LEAGUE: Fulham (2009-
10)
Chris Baird
12.8%
UEFA CUP: Middlesbrough (2005-
06)
Fabio Rochemback
11.4%
UEFA CUP: Celtic (2002-
03)
Johan Mjallby
11.4%
EUROPA LEAGUE: Fulham (2009-
10)
Dickson Etuhu
9.5%
UEFA CUP: Middlesbrough (2005-
06)
Chris Riggot
9.2%
UEFA CUP: Middlesbrough (2005-
06)
Franck Queudrue
8.8%
UEFA CUP: Rangers (2007-
08)
Steven Whittaker
8.7%
UEFA CUP: Celtic (2002-
03)
Joos Valgaeren
8.5%
UEFA CUP: Middlesbrough (2005-
06)
Stuart Parnaby
7.9%
UEFA CUP: Rangers (2007-
08)
Sasa Papac
7.9%
UEFA CUP: Rangers (2007-
08)
Jean-Claude Darcheville
7.6%
UEFA CUP: Rangers (2007-
08)
Carlos Cuellar
7.3%
UEFA CUP: Rangers (2007-
08)
Kevin Thomson
7.2%
UEFA CUP: Rangers (2007-
08)
Kirk Broadfoot
6.9%
UEFA CUP: Middlesbrough (2005-
06)
James Morrison
6.8%
UEFA CUP: Rangers (2007-
08)
Brahim Hemdani
5.4%
Quiz Playlist
Details
Report
Send in Message
Add To Playlist
Classic:
Type in answers that appear in a list
Last Updated: Apr 21, 2019
Curator Pick in
Premier League
Quiz Scoreboard
CHALLENGE
Sign Up to Join the Scoreboard
Show All
Scores
Hide
Comments
May contain spoilers
Recently Published
Image Sorting: Flags VI
by Barbecue
Geography
2m
Find the 'City' Movie
by crazypaving
Movies
60s
5x2 Blitz: Bands
by SL_Kpop136
Music
30s
More to Explore
Quiz From the Vault
Featured Blog Post
14 Easter Pick-up Lines to Find Eggs With
hide this ad
You Might Also Like...
Tags
Premier League Quiz
Soccer Quiz
Arsenal
Champions League
Cup UEFA
Liverpool
Manchester United
Scottish Premier
UEFA Champions' League
UEFA Champions' League XIs
UEFA Europa League
XIs
Today's Top Quizzes in Sports
Browse Sports
hide this ad
Today's Top Quizzes in Premier League
Browse Premier League
Top Contributed Quizzes in Sports
1
Les meilleurs buteurs des matchs entre le PSG et l’OM
2
Les entraîneurs de l'OM et du PSG au 21e siècle
3
Les joueurs passés par le PSG et l'OM
4
2022 World Cup Stars
5
Players with Multiple 50 Home Run Seasons
6
Criteria MLB: Left Handed Sluggers
7
MLB Players with Two .350 Batting Average Seasons
8
Les joueurs passés par le LOSC et le RC Lens
9
NBA Logic Puzzle 2.0
10
Top 10 NHL Goal Scorers of All Time
Explore More
Trending Topics
NBA
Anime
Marvel
Kpop
Crossword
Harry Potter
Disney
Soccer
Puzzle
Country
WWE
NFL
Song
The Office
Pokémon
hide this ad
More By:
gertom10
Quiz
Plays
Rating
Category
Featured
Created
British Clubs Starting XIs in European Finals (2000-)
7,302
4.73
Sports
Apr 6, 2019
Players to Play Under both Klopp and Guardiola
921
4.00
Sports
Jan 4, 2019
Highest Season Points PL Table
689
5.00
Sports
Apr 6, 2019
2018-19 Premier League Braces
395
5.00
Sports
Jan 8, 2019
Clubs to Play at the New Wembley Stadium
337
4.00
Sports
Mar 11, 2019
Go to Creator's Profile
Score Distribution
Quiz Creator Spotlight
gertom10
Follow
Send a Message
Quizzes Created
-
Created Quiz Play Count
-
More By This Creator
Popular Quizzes Today
1
Colored Red Africa Blitz
2
Find the US States - No Outlines Minefield
3
Find the 'City' Movie
4
5x2 Blitz: Bands
5
The Countries of the World
6
Find the US States
7
Find the Countries of Europe - No Outlines Minefield
8
US States
More Sports Quizzes
⚽ UEFA Champion Clubs: England
Editor's Pick
Trending Quizzes
Colored Red Europe Blitz I
Colored Red Europe Blitz II
Colored Red Africa Blitz II
Colored Red Europe Blitz III
Colored Red Africa Blitz III
Recently Updated
How Do You Spell That?
pecheneg
Godzilla Movies
pecheneg
Grab Bag: 4-10 Letters
pecheneg
2024 March Madness Bracket
pecheneg
Famous TV Couples
Peacemaker
Champions League XIs: Real Madrid
pecheneg
Largest US Cities 1790-2010
pecheneg
Rides in Walt Disney World
pecheneg
Most Oscar Losses (Acting)
pecheneg
Beyoncé Albums
pecheneg
Trending Topics
Anime
Disney
Crossword
Marvel
Harry Potter
NBA
Kpop
Puzzle
NFL
Soccer
Pokémon
Song
Country
WWE
The Office
Your Account Isn't Verified!
In order to create a playlist on Sporcle, you need to verify the email address you used during registration. Go to your
Sporcle Settings
to finish the process.
Report this User
Report this user for behavior that violates our
Community Guidelines
.
Details:
Send Report
Go to the Sporcle.com Mobile Site →
Comments